[Event "DEN-ch"]
[Site "Silkeborg"]
[Date "2009.04.08"]
[Round "5"]
[White "Seegert, Kristian"]
[Black "Nielsen, Lasse Simoni"]
[Result "1/2-1/2"]
[WhiteElo "2098"]
[BlackElo "1973"]
[PlyCount "46"]
[EventDate "2009.04.04"]
[EventType "swiss"]
[EventRounds "9"]
[EventCountry "DEN"]
[SourceTitle "CBM 129 Extra"]
[Source "ChessBase"]
[SourceDate "2009.05.05"]
[SourceVersion "2"]
[SourceVersionDate "2009.05.20"]
[SourceQuality "1"]

1. e4 c5 2. Nf3 e6 3. d4 cxd4 4. Nxd4 Nc6 5. Nc3 Qc7 6. Be3 a6 7. Bd3 Nf6 8. 0-0 d6 9. Kh1 Be7 10. f4 Nxd4 11. Bxd4 e5 12. Be3 b5 13. Qf3 0-0 14. fxe5 dxe5 15. Bg5 Be6 16. Bxf6 Bxf6 17. Nd5 Bxd5 18. exd5 Be7 19. a4 b4 20. Rae1 Bd6 21. Qe4 g6 22. g4 Kg7 23. c3 Qa5 1/2-1/2

[Event "North Sea Cup 23th"]
[Site "Esbjerg"]
[Date "2008.07.16"]
[Round "8"]
[White "Hagen, Andreas Skytte"]
[Black "Nielsen, Lasse Simoni"]
[Result "1-0"]
[WhiteElo "2288"]
[BlackElo "1888"]
[PlyCount "47"]
[EventDate "2008.07.11"]
[EventType "swiss"]
[EventRounds "10"]
[EventCountry "DEN"]
[SourceTitle "CBM 125 Extra"]
[Source "ChessBase"]
[SourceDate "2008.09.01"]
[SourceVersion "1"]
[SourceVersionDate "2008.09.01"]
[SourceQuality "1"]

1. Nf3 Nf6 2. c4 g6 3. Nc3 Bg7 4. e4 d6 5. d4 0-0 6. Be2 e5 7. 0-0 Nc6 8. d5 Ne7 9. b4 Ne8 10. c5 f5 11. Nd2 Nf6 12. f3 f4 13. Nc4 g5 14. a4 h5 15. Ba3 Ne8 16. b5 Rf6 17. a5 Rg6 18. b6 cxb6 19. cxd6 Nxd6 20. Nxd6 Rxd6 21. Qb3 Rg6 22. d6+ Be6 23. Bc4 Kh7 24. Bxe6 1-0

[Event "North Sea Cup 23th"]
[Site "Esbjerg"]
[Date "2008.07.13"]
[Round "3"]
[White "Nielsen, Lasse Simoni"]
[Black "Poulsen, Iver"]
[Result "1-0"]
[WhiteElo "1888"]
[BlackElo "2147"]
[PlyCount "103"]
[EventDate "2008.07.11"]
[EventType "swiss"]
[EventRounds "10"]
[EventCountry "DEN"]
[SourceTitle "CBM 125 Extra"]
[Source "ChessBase"]
[SourceDate "2008.09.01"]
[SourceVersion "1"]
[SourceVersionDate "2008.09.01"]
[SourceQuality "1"]

1. e4 c5 2. Nc3 Nc6 3. g3 g6 4. Bg2 Bg7 5. d3 d6 6. Be3 e5 7. Qd2 Nge7 8. Nge2 Nd4 9. 0-0 Be6 10. Nd1 d5 11. c3 Nxe2+ 12. Qxe2 d4 13. Bd2 Qd7 14. c4 0-0 15. f4 Rac8 16. Nf2 a6 17. b3 b5 18. h3 Qc7 19. Ng4 Bxg4 20. Qxg4 f5 21. Qe2 Rce8 22. Rae1 bxc4 23. bxc4 Kh8 24. Rb1 Rb8 25. Rfe1 Rxb1 26. Rxb1 Rb8 27. Rxb8+ Qxb8 28. Kf2 Bf6 29. h4 Kg7 30. h5 exf4 31. Bxf4 Be5 32. exf5 Kf6 33. Bxe5+ Qxe5 34. Qxe5+ Kxe5 35. fxg6 hxg6 36. hxg6 Nxg6 37. Be4 Ne7 38. Kf3 Ng8 39. g4 Nh6 40. g5 Nf7 41. Kg4 Nd6 42. Bh7 a5 43. Kh5 a4 44. Kg6 Ne4 45. Kh6 Nd6 46. g6 Kf6 47. Bg8 a3 48. Bd5 Nf5+ 49. Kh7 Ng7 50. Bc6 Nf5 51. Bd7 Ng7 52. Kh6 1-0